| 000 | 00585nam a22002057a 4500 | ||
|---|---|---|---|
| 010 | _aA-055529 | ||
| 035 | _aA-055529 | ||
| 037 | _bCen Lib / Ret | ||
| 040 |
_aDPL _bEN |
||
| 082 |
_a599 _bMAT |
||
| 100 | _aMatthews, L. Harrison | ||
| 245 |
_aThe life of mammals / _cby L. Harrison Matthews |
||
| 260 |
_aLondon _bWeidenfeld and Nicolson _c1969 |
||
| 270 |
_a5 Winsley Street _bLondon |
||
| 300 |
_a(v 1. 332p) _b24cm(hb) |
||
| 490 | _aUniverse natural history series. | ||
| 650 | _aMammals. | ||
| 650 | _aMammals -- Handbook | ||
| 942 |
_2ddc _cEN _h599 _mMAT |
||
| 999 |
_c136618 _d136618 |
||